[Event "Titled Tuesday intern op 23rd Jan Late"]
[Site "Chess.com INT"]
[Date "2024.01.23"]
[Round "5"]
[White "Kleiman, Jake"]
[Black "Lopusiewicz, Piotr"]
[Result "1-0"]
[WhiteElo "2399"]
[BlackElo "2301"]
[PlyCount "107"]
[EventDate "2024.01.23"]
[EventType "swiss (blitz)"]
[EventRounds "11"]
[EventCountry "USA"]
[SourceTitle "CB05_2024"]
[SourceDate "2024.01.31"]
[SourceVersion "1"]
[SourceVersionDate "2024.01.31"]
[SourceQuality "1"]

1. e4 e5 2. Nf3 Nc6 3. Bc4 Nf6 4. d3 Bc5 5. 0-0 d6 6. c3 a5 7. Bb3 h6 8. Nbd2 0-0 9. h3 Be6 10. Bc2 d5 11. Re1 d4 12. Nf1 b5 13. Ng3 a4 14. a3 Re8 15. Bd2 Ra6 16. Qe2 Nd7 17. Kh2 Qf6 18. Nh5 Qe7 19. g4 Nf8 20. g5 Nh7 21. Rg1 g6 22. gxh6 Kh8 23. Ng7 Rg8 24. Nxe6 Qxe6 25. Bb1 dxc3 26. bxc3 Na5 27. d4 Bd6 28. d5 Qd7 29. Bd3 Rb6 30. Rab1 Nb3 31. Be3 Rbb8 32. Ng5 Bxa3 33. Qf3 Nxg5 34. Bxg5 Rb6 35. h7 Kxh7 36. Rg4 Kg7 37. Rh4 Rh8 38. Rxh8 Kxh8 39. Qg3 Kg8 40. Qh4 Bf8 41. Bc2 Bg7 42. Bxb3 axb3 43. Rxb3 f6 44. Be3 f5 45. Bxb6 cxb6 46. exf5 Qxd5 47. Rb2 e4 48. Re2 gxf5 49. Qg3 Kf7 50. Kg2 Be5 51. Qe3 Bf4 52. Qxf4 e3+ 53. Qf3 Qxf3+ 54. Kxf3 1-0

[Event "Titled Tuesday intern op 23rd Jan Late"]
[Site "Chess.com INT"]
[Date "2024.01.23"]
[Round "11"]
[White "Lopusiewicz, Piotr"]
[Black "Cordoba Roa, Angel Gabriel"]
[Result "0-1"]
[WhiteElo "2301"]
[BlackElo "2312"]
[PlyCount "66"]
[EventDate "2024.01.23"]
[EventType "swiss (blitz)"]
[EventRounds "11"]
[EventCountry "USA"]
[SourceTitle "CB05_2024"]
[SourceDate "2024.01.31"]
[SourceVersion "1"]
[SourceVersionDate "2024.01.31"]
[SourceQuality "1"]

1. d4 Nf6 2. c4 e6 3. Nf3 d5 4. Nc3 dxc4 5. e4 b5 6. Nxb5 Nxe4 7. Qa4 c6 8. Nc3 Nd6 9. Ne5 Be7 10. Nxc6 Nxc6 11. Qxc6+ Bd7 12. Qf3 0-0 13. Be2 Nf5 14. Be3 Rb8 15. Bxc4 Rxb2 16. 0-0 Qc7 17. Nd1 Rb4 18. Bd3 Nxd4 19. Qh3 Nf5 20. g4 Qd6 21. Bc2 Rc8 22. Rc1 Rbc4 23. Bxf5 exf5 24. Rxc4 Rxc4 25. gxf5 Qf6 26. Qf3 Bxf5 27. h3 Qg6+ 28. Qg3 Qxg3+ 29. fxg3 Bxh3 30. Rf4 Rc2 31. Bxa7 Rc1 32. Rd4 Bf6 33. Rd6 Bg4 0-1

[Event "Titled Tuesday intern op 23rd Jan Late"]
[Site "Chess.com INT"]
[Date "2024.01.23"]
[Round "6"]
[White "Lopusiewicz, Piotr"]
[Black "Korol, Dimitry"]
[Result "1-0"]
[WhiteElo "2301"]
[BlackElo "2287"]
[PlyCount "61"]
[EventDate "2024.01.23"]
[EventType "swiss (blitz)"]
[EventRounds "11"]
[EventCountry "USA"]
[SourceTitle "CB05_2024"]
[SourceDate "2024.01.31"]
[SourceVersion "1"]
[SourceVersionDate "2024.01.31"]
[SourceQuality "1"]

1. d4 Nf6 2. c4 c5 3. d5 b5 4. cxb5 a6 5. bxa6 Bxa6 6. Nc3 g6 7. e4 Bxf1 8. Kxf1 d6 9. g3 Bg7 10. Kg2 0-0 11. Nf3 Nbd7 12. a4 Qb8 13. Re1 Qb4 14. Qc2 Nb6 15. Ra3 Rfb8 16. Rb3 Qc4 17. Bg5 h6 18. Nd2 Qxb3 19. Nxb3 hxg5 20. Nd2 Nfd7 21. b3 Rc8 22. Nb5 c4 23. Nxc4 Nxc4 24. bxc4 Nc5 25. Qd2 Rxa4 26. Qxg5 Bf6 27. Qf4 Rxc4 28. Na7 Ra8 29. Nc6 Ra2 30. Rb1 Rcc2 31. e5 1-0

[Event "Titled Tuesday intern op 09th Jan Early"]
[Site "Chess.com INT"]
[Date "2024.01.09"]
[Round "1"]
[White "Klukin, Kirill"]
[Black "Lopusiewicz, Piotr"]
[Result "0-1"]
[WhiteElo "2390"]
[BlackElo "2301"]
[PlyCount "114"]
[EventDate "2024.01.09"]
[EventType "swiss (blitz)"]
[EventRounds "11"]
[EventCountry "USA"]
[SourceTitle "CB03_2024"]
[SourceDate "2024.01.17"]
[SourceVersion "1"]
[SourceVersionDate "2024.01.17"]
[SourceQuality "1"]

1. e4 e5 2. Nf3 Nc6 3. d4 exd4 4. Nxd4 Nf6 5. Nxc6 bxc6 6. e5 Qe7 7. Qe2 Nd5 8. c4 Nb6 9. b3 Qe6 10. g3 a5 11. a4 Bb7 12. Bg2 d5 13. exd6 Qxe2+ 14. Kxe2 cxd6 15. Be3 Nd7 16. Nc3 0-0-0 17. Rad1 Be7 18. Rhe1 Rhe8 19. Ne4 d5 20. cxd5 cxd5 21. Nc3 Ba6+ 22. Nb5 Bb4 23. Rc1+ Kb8 24. Red1 Nc5 25. Kf1 Nxb3 26. Bf4+ Bd6 27. Bxd6+ Rxd6 28. Rb1 Nc5 29. Kg1 Rb6 30. Bxd5 Nxa4 31. Nd6 Rd8 32. Nxf7 Rxd5 33. Rxb6+ Nxb6 34. Rb1 Ka7 35. h4 a4 36. Ng5 Bb7 37. Ne4 Re5 38. Nc3 Bc6 39. g4 Rc5 40. Na2 a3 41. Nb4 Bb7 42. Ra1 Ra5 43. Nc2 a2 44. Nb4 Bd5 45. Kf1 Bc4+ 46. Ke1 Nd5 47. Nc2 Kb6 48. Kd2 Kc5 49. Kc1 Nb4 50. Ne3 Be6 51. Kb2 Nd3+ 52. Kc3 Nxf2 53. g5 Ne4+ 54. Kd3 Nd6 55. Rc1+ Nc4 56. Rc2 a1Q 57. Nxc4 Qd4+ 0-1

[Event "Titled Tuesday intern op 09th Jan Early"]
[Site "Chess.com INT"]
[Date "2024.01.09"]
[Round "9"]
[White "Lopusiewicz, Piotr"]
[Black "Golubovic, Erik"]
[Result "0-1"]
[WhiteElo "2301"]
[BlackElo "2025"]
[PlyCount "122"]
[EventDate "2024.01.09"]
[EventType "swiss (blitz)"]
[EventRounds "11"]
[EventCountry "USA"]
[SourceTitle "CB03_2024"]
[SourceDate "2024.01.17"]
[SourceVersion "1"]
[SourceVersionDate "2024.01.17"]
[SourceQuality "1"]

1. d4 Nf6 2. c4 c5 3. d5 b5 4. cxb5 a6 5. bxa6 Bxa6 6. Nc3 d6 7. e4 Bxf1 8. Kxf1 g6 9. g3 Bg7 10. Kg2 0-0 11. Nf3 Nbd7 12. a4 Qb6 13. Re1 Rfb8 14. Nb5 Ne8 15. Qc2 Nc7 16. Nxc7 Qxc7 17. Rb1 Rb4 18. b3 Rab8 19. Bd2 R4b7 20. b4 cxb4 21. Qxc7 Rxc7 22. Rxb4 Rxb4 23. Bxb4 Rc4 24. Rb1 Rxe4 25. a5 Re2 26. Rb3 Nc5 27. Bxc5 dxc5 28. Rb8+ Bf8 29. Rc8 Ra2 30. Ne5 Rxa5 31. Nd7 Ra7 32. Nxf8 Kg7 33. Kf3 c4 34. Ke3 c3 35. Kd3 Ra5 36. Kxc3 Rxd5 37. Kc2 Rd6 38. h4 h5 39. Kc3 Rd5 40. Re8 e6 41. Nxe6+ fxe6 42. Rxe6 Kf7 43. Re3 Rd1 44. Rd3 Rf1 45. Rd2 Kf6 46. Kd3 Ra1 47. Ke3 Ra3+ 48. Rd3 Ra4 49. Rd4 Ra3+ 50. Kf4 Ra6 51. f3 Rb6 52. Rc4 Ra6 53. g4 hxg4 54. fxg4 g5+ 55. hxg5+ Kg6 56. Rd4 Rb6 57. Ra4 Rc6 58. Rb4 Ra6 59. Rd4 Rb6 60. Ra4 Rc6 61. Ra5 Rb6 0-1

[Event "Titled Tuesday intern op 09th Jan Early"]
[Site "Chess.com INT"]
[Date "2024.01.09"]
[Round "7"]
[White "Parpiev, Isaak"]
[Black "Lopusiewicz, Piotr"]
[Result "0-1"]
[WhiteElo "2285"]
[BlackElo "2301"]
[PlyCount "50"]
[EventDate "2024.01.09"]
[EventType "swiss (blitz)"]
[EventRounds "11"]
[EventCountry "USA"]
[SourceTitle "CB03_2024"]
[SourceDate "2024.01.17"]
[SourceVersion "1"]
[SourceVersionDate "2024.01.17"]
[SourceQuality "1"]

1. e4 e5 2. Nf3 Nc6 3. Nc3 Nf6 4. a3 d5 5. Bb5 Nxe4 6. Qe2 Qd6 7. Nxe4 dxe4 8. Qxe4 Bd7 9. d4 0-0-0 10. dxe5 Nxe5 11. Bxd7+ Qxd7 12. 0-0 Nxf3+ 13. Qxf3 Bd6 14. Be3 Rhe8 15. Bxa7 Re5 16. Be3 g5 17. c4 g4 18. Qf6 Rh5 19. g3 Be5 20. Qg5 Rxg5 21. Bxg5 f6 22. Be3 Qc6 23. Rab1 h5 24. b4 h4 25. b5 Qf3 0-1

[Event "Titled Tuesday intern op 19th Dec Early"]
[Site "Chess.com INT"]
[Date "2023.12.19"]
[Round "3"]
[White "Ambartsumova, Karina"]
[Black "Lopusiewicz, Piotr"]
[Result "0-1"]
[WhiteElo "2418"]
[BlackElo "2301"]
[PlyCount "78"]
[EventDate "2023.12.19"]
[EventType "swiss (blitz)"]
[EventRounds "11"]
[EventCountry "USA"]
[SourceTitle "CB52_2023"]
[SourceDate "2023.12.27"]
[SourceVersion "1"]
[SourceVersionDate "2023.12.27"]
[SourceQuality "1"]

1. d4 Nf6 2. c4 e6 3. Nc3 d5 4. cxd5 exd5 5. Bg5 Be7 6. e3 h6 7. Bh4 0-0 8. Bd3 c6 9. h3 Nbd7 10. Nf3 Re8 11. Qc2 Ne4 12. Bxe7 Qxe7 13. Bxe4 dxe4 14. Nd2 Nf6 15. a3 Bf5 16. 0-0 Rad8 17. b4 Qd7 18. Ne2 Bxh3 19. gxh3 Qxh3 20. Nf4 Qg4+ 21. Ng2 Nd5 22. Qd1 Qh3 23. Re1 Rd6 24. Nf1 Rg6 25. Ng3 Ree6 26. Qe2 Rg5 27. Nf4 Nxf4 28. exf4 Rg4 29. Qf1 Qh4 30. Re3 Rxf4 31. Qg2 f5 32. Rd1 Rg4 33. d5 Rd6 34. Kf1 f4 35. Rxe4 fxg3 36. Rxg4 Qxg4 37. f3 Qf4 38. Re1 Rxd5 39. Re8+ Kf7 0-1

[Event "Titled Tuesday intern op 19th Dec Early"]
[Site "Chess.com INT"]
[Date "2023.12.19"]
[Round "6"]
[White "Krzyzanowski, Marcin"]
[Black "Lopusiewicz, Piotr"]
[Result "1-0"]
[WhiteElo "2512"]
[BlackElo "2301"]
[PlyCount "87"]
[EventDate "2023.12.19"]
[EventType "swiss (blitz)"]
[EventRounds "11"]
[EventCountry "USA"]
[SourceTitle "CB52_2023"]
[SourceDate "2023.12.27"]
[SourceVersion "1"]
[SourceVersionDate "2023.12.27"]
[SourceQuality "1"]

1. Nf3 Nf6 2. g3 c5 3. Bg2 Nc6 4. 0-0 e5 5. d3 d5 6. Nbd2 Be7 7. e4 d4 8. Nc4 Nd7 9. a4 0-0 10. Ne1 Nb6 11. b3 Nxc4 12. bxc4 Qc7 13. f4 exf4 14. gxf4 f5 15. e5 Be6 16. Nf3 Kh8 17. Qe1 Rg8 18. Qg3 Nb4 19. Rf2 g6 20. Ng5 Bxg5 21. Qxg5 Raf8 22. a5 Kg7 23. h4 h6 24. Qg3 Kh7 25. Kh2 a6 26. Qf3 Rf7 27. Qd1 Bd7 28. Bd2 Nc6 29. Qf3 Nd8 30. Qd5 Bc6 31. Qxc5 Ne6 32. Qd6 Qxd6 33. exd6 Bxg2 34. Kxg2 Rd7 35. Bb4 g5 36. fxg5 hxg5 37. hxg5 Rxg5+ 38. Kf3 Rdg7 39. Rh1+ Kg8 40. Ke2 f4 41. Rh6 Re5+ 42. Kd2 Rg1 43. Rxe6 Rxe6 44. d7 1-0

[Event "Titled Tuesday intern op 12th Dec Early"]
[Site "Chess.com INT"]
[Date "2023.12.12"]
[Round "1"]
[White "Bardyk, Artem"]
[Black "Lopusiewicz, Piotr"]
[Result "1/2-1/2"]
[WhiteElo "2206"]
[BlackElo "2301"]
[PlyCount "141"]
[EventDate "2023.12.12"]
[EventType "swiss (blitz)"]
[EventRounds "11"]
[EventCountry "USA"]
[SourceTitle "CB51_2023"]
[SourceDate "2023.12.20"]
[SourceVersion "1"]
[SourceVersionDate "2023.12.20"]
[SourceQuality "1"]

1. e4 e5 2. d4 exd4 3. Qxd4 Nc6 4. Qd3 Nf6 5. Nc3 Bb4 6. Bd2 0-0 7. Nge2 Re8 8. 0-0-0 d6 9. Bg5 h6 10. Bxf6 Qxf6 11. Nd5 Qd8 12. Nxb4 Nxb4 13. Qd2 Nc6 14. Nc3 a6 15. f4 Bg4 16. Re1 Qf6 17. Nd5 Qd8 18. f5 f6 19. Bc4 Kh8 20. Qf4 Bh5 21. g4 Bf7 22. h4 Ne5 23. Bb3 c6 24. Ne3 Bxb3 25. axb3 a5 26. g5 fxg5 27. hxg5 Nf7 28. gxh6 Qg5 29. hxg7+ Kg8 30. Rh8+ Kxg7 31. f6+ Kg6 32. Qf5+ Qxf5 33. exf5+ Kg5 34. Rh7 Ne5 35. f7 Rf8 36. Rg1+ Kf6 37. Rh6+ Ke7 38. f6+ Ke6 39. Ng2 Rxf7 40. Nf4+ Kd7 41. c4 Raf8 42. Nh5 b6 43. Kc2 Ke6 44. Kc3 d5 45. cxd5+ cxd5 46. Nf4+ Kd6 47. Rd1 Rc8+ 48. Kd2 Ng4 49. Rh4 Nxf6 50. Rf1 Ne4+ 51. Ke3 Re8 52. Rh6+ Kc5 53. Nd3+ Kb5 54. Rxf7 Ng5+ 55. Kd4 Nxf7 56. Rf6 Nd8 57. Kxd5 Nb7 58. Ne5 Nc5 59. Nc4 Rd8+ 60. Ke5 Nd7+ 61. Ke6 Nxf6 62. Kxf6 Rc8 63. Nd6+ Kb4 64. Nxc8 b5 65. Nd6 Kxb3 66. Nxb5 Kxb2 67. Ke5 Kb3 68. Kd5 Kb4 69. Kc6 a4 70. Kb6 a3 71. Nxa3 1/2-1/2

[Event "Titled Tuesday intern op 12th Dec Early"]
[Site "Chess.com INT"]
[Date "2023.12.12"]
[Round "2"]
[White "Lopusiewicz, Piotr"]
[Black "Kamsky, Gata"]
[Result "0-1"]
[WhiteElo "2301"]
[BlackElo "2634"]
[PlyCount "46"]
[EventDate "2023.12.12"]
[EventType "swiss (blitz)"]
[EventRounds "11"]
[EventCountry "USA"]
[SourceTitle "CB51_2023"]
[SourceDate "2023.12.20"]
[SourceVersion "1"]
[SourceVersionDate "2023.12.20"]
[SourceQuality "1"]

1. d4 f5 2. Bf4 Nf6 3. e3 g6 4. h4 h6 5. Qf3 d6 6. Nc3 Nc6 7. Bc4 e6 8. Qg3 Rg8 9. 0-0-0 Qe7 10. f3 Bd7 11. e4 Nh5 12. Qh2 Nxf4 13. Qxf4 0-0-0 14. Nge2 Bg7 15. exf5 gxf5 16. Rhe1 Qf6 17. Qd2 h5 18. Bb5 Bh6 19. Nf4 Qxh4 20. Nce2 e5 21. g3 Qf6 22. dxe5 dxe5 23. Qc3 Rgf8 0-1

[Event "Titled Tuesday intern op 12th Dec Early"]
[Site "Chess.com INT"]
[Date "2023.12.12"]
[Round "5"]
[White "Vlassov, Nikolai"]
[Black "Lopusiewicz, Piotr"]
[Result "1-0"]
[WhiteElo "2299"]
[BlackElo "2301"]
[PlyCount "83"]
[EventDate "2023.12.12"]
[EventType "swiss (blitz)"]
[EventRounds "11"]
[EventCountry "USA"]
[SourceTitle "CB51_2023"]
[SourceDate "2023.12.20"]
[SourceVersion "1"]
[SourceVersionDate "2023.12.20"]
[SourceQuality "1"]

1. e4 e5 2. Bc4 Nf6 3. d3 Nc6 4. Nf3 Bc5 5. Bg5 h6 6. Bh4 d6 7. Nc3 a6 8. Nd5 Na5 9. Nxf6+ gxf6 10. Nd2 Nxc4 11. Nxc4 d5 12. exd5 Qxd5 13. 0-0 Rg8 14. g3 Bg4 15. Qd2 Bh3 16. Ne3 Bxe3 17. fxe3 Bxf1 18. Rxf1 0-0-0 19. Bxf6 Rd7 20. b3 e4 21. d4 Rg6 22. c4 Qe6 23. Qf2 a5 24. Qf4 b6 25. d5 Qg4 26. Bd4 Qxf4 27. Rxf4 Kd8 28. Rxe4 Re7 29. Rf4 Kd7 30. Kf2 h5 31. Kf3 Kd6 32. e4 a4 33. e5+ Kd7 34. b4 f5 35. Rxf5 a3 36. c5 Rg4 37. c6+ Ke8 38. Rf4 Reg7 39. d6 Rxf4+ 40. gxf4 h4 41. e6 Rg6 42. dxc7 1-0

[Event "Titled Tuesday intern op 11th Jan"]
[Site "Chess.com INT"]
[Date "2022.01.11"]
[Round "4"]
[White "Gadimbayli, Abdulla Azar"]
[Black "Lopusiewicz, Piotr"]
[Result "1/2-1/2"]
[WhiteElo "2463"]
[BlackElo "2301"]
[PlyCount "177"]
[EventDate "2022.01.11"]
[EventType "swiss (blitz)"]
[EventRounds "11"]
[EventCountry "USA"]
[SourceTitle "CBM 206 Extra"]
[Source "ChessBase"]
[SourceDate "2022.03.31"]
[SourceVersion "1"]
[SourceVersionDate "2022.03.31"]
[SourceQuality "1"]

1. e4 e5 2. Nf3 Nc6 3. Nc3 Nf6 4. d4 exd4 5. Nxd4 Bb4 6. Nxc6 bxc6 7. Bd3 0-0 8. 0-0 d5 9. exd5 cxd5 10. Bg5 c6 11. Qf3 h6 12. Bxf6 Qxf6 13. Qxf6 gxf6 14. Ne2 Rb8 15. Nd4 Bc5 16. Nxc6 Rxb2 17. Rfb1 Rxb1+ 18. Rxb1 Bd7 19. Nxa7 Ra8 20. Nb5 Rxa2 21. Nc3 Ra5 22. Nxd5 Bxf2+ 23. Kxf2 Rxd5 24. Ke3 Kf8 25. Rb6 Ke7 26. c4 Re5+ 27. Kd4 Rg5 28. g3 Be6 29. Rb7+ Kd8 30. Be4 Rg4 31. Kd3 Bxc4+ 32. Kxc4 Rxe4+ 33. Kd5 Re5+ 34. Kd6 Re6+ 35. Kd5 Re7 36. Rb8+ Kc7 37. Rh8 Re5+ 38. Kd4 h5 39. Rh7 Kd6 40. Rxf7 Ke6 41. Rh7 Kd6 42. Rh6 Ke6 43. Rh8 Kd6 44. Rh7 Ke6 45. Rh6 Kf7 46. Rh8 Kg7 47. Rc8 Re2 48. h3 Kg6 49. Rc3 Kf5 50. Rf3+ Kg5 51. Rf4 Rh2 52. h4+ Kg6 53. Rf3 Re2 54. Rf4 Ra2 55. Rf3 Ra4+ 56. Kd5 Ra5+ 57. Ke6 Re5+ 58. Kd6 Re2 59. Kd5 Re5+ 60. Kd4 Re7 61. Kd3 Re5 62. Re3 Kf5 63. Rf3+ Kg4 64. Rxf6 Kxg3 65. Rg6+ Kxh4 66. Kd2 Kh3 67. Rg8 h4 68. Rg7 Kh2 69. Rg8 h3 70. Rg7 Re6 71. Rg8 Kh1 72. Rg7 Ra6 73. Ke2 Ra2+ 74. Kf1 Rg2 75. Rh7 h2 76. Rh8 Rg3 77. Rh7 Rf3+ 78. Ke2 Rf5 79. Rg7 Rf4 80. Rg8 Rf6 81. Rg7 Rf5 82. Rg8 Ra5 83. Kf2 Ra2+ 84. Kf1 Ra1+ 85. Kf2 Rg1 86. Rh8 Rg2+ 87. Kf1 Rg1+ 88. Kf2 Rg2+ 89. Kf1 1/2-1/2

[Event "Titled Tuesday intern op 11th Jan"]
[Site "Chess.com INT"]
[Date "2022.01.11"]
[Round "5"]
[White "Lopusiewicz, Piotr"]
[Black "Rustemov, Alexander"]
[Result "1/2-1/2"]
[WhiteElo "2301"]
[BlackElo "2525"]
[PlyCount "140"]
[EventDate "2022.01.11"]
[EventType "swiss (blitz)"]
[EventRounds "11"]
[EventCountry "USA"]
[SourceTitle "CBM 206 Extra"]
[Source "ChessBase"]
[SourceDate "2022.03.31"]
[SourceVersion "1"]
[SourceVersionDate "2022.03.31"]
[SourceQuality "1"]

1. d4 d5 2. c4 c6 3. Nf3 Nf6 4. cxd5 cxd5 5. Nc3 Nc6 6. Bf4 a6 7. Qb3 Na5 8. Qc2 Nc6 9. e3 e6 10. a3 Be7 11. Bd3 0-0 12. 0-0 Bd7 13. Rfc1 Rc8 14. h3 h6 15. Qd1 b5 16. Rc2 Na5 17. a4 Qb6 18. axb5 axb5 19. Ne5 Nc4 20. b3 Na3 21. Rcc1 Rfd8 22. Nxd7 Nxd7 23. Ne2 Bb4 24. Rxc8 Rxc8 25. Rc1 Qb7 26. Rxc8+ Qxc8 27. Qc1 Qxc1+ 28. Nxc1 Be7 29. Na2 Kf8 30. e4 dxe4 31. Bxe4 Nf6 32. Bc6 b4 33. Bd2 Nc2 34. Ba4 Nd5 35. Bc6 Bd6 36. Bxd5 exd5 37. Kf1 Ke7 38. Be3 Na1 39. Nc1 Nc2 40. Ke2 Na3 41. Kd2 Kd7 42. Nd3 Kc6 43. Bf4 Bxf4+ 44. Nxf4 Nb5 45. Kd3 g6 46. h4 Nd6 47. h5 g5 48. Ne2 Ne4 49. f3 Nf6 50. Ng3 Kb5 51. Nf5 Nxh5 52. Nxh6 Nf4+ 53. Kd2 f6 54. g3 Ne6 55. Kd3 Kc6 56. Ng4 f5 57. Nh6 f4 58. g4 Kb5 59. Nf7 Kc6 60. Ne5+ Kd6 61. Nf7+ Kc7 62. Ne5 Nd8 63. Ng6 Kd6 64. Ne5 Ke6 65. Ke2 Kd6 66. Kd3 Kc7 67. Ke2 Ne6 68. Kd3 Kd6 69. Nf7+ Ke7 70. Ne5 Kd6 1/2-1/2

[Event "Titled Tuesday intern op 11th Jan"]
[Site "Chess.com INT"]
[Date "2022.01.11"]
[Round "7"]
[White "Matveeva, Olga"]
[Black "Lopusiewicz, Piotr"]
[Result "1-0"]
[WhiteElo "2171"]
[BlackElo "2301"]
[PlyCount "95"]
[EventDate "2022.01.11"]
[EventType "swiss (blitz)"]
[EventRounds "11"]
[EventCountry "USA"]
[SourceTitle "CBM 206 Extra"]
[Source "ChessBase"]
[SourceDate "2022.03.31"]
[SourceVersion "1"]
[SourceVersionDate "2022.03.31"]
[SourceQuality "1"]

1. d4 Nf6 2. c4 e6 3. g3 d5 4. Nf3 Bb4+ 5. Bd2 Be7 6. Bg2 0-0 7. 0-0 c6 8. Qc2 Nbd7 9. Bf4 b6 10. b3 Bb7 11. Nc3 c5 12. cxd5 Nxd5 13. Nxd5 Bxd5 14. e4 Bb7 15. Rad1 cxd4 16. Nxd4 e5 17. Nc6 Qe8 18. Nxe7+ Qxe7 19. Qc7 Bc8 20. Be3 Qe6 21. Rd6 Qe8 22. Rfd1 Nf6 23. Rd8 Qe6 24. Rxf8+ Kxf8 25. Rd8+ Ne8 26. Bh3 Qe7 27. Qxe7+ Kxe7 28. Rxc8 Rxc8 29. Bxc8 Nd6 30. Bg4 Nxe4 31. Kf1 g6 32. Bf3 Nc3 33. Bd2 Nb5 34. Bd5 f5 35. Ke2 h5 36. Kd3 e4+ 37. Kc4 Nd6+ 38. Kd4 Kf6 39. Bf4 Nb5+ 40. Kc4 Na3+ 41. Kb4 Nc2+ 42. Kc3 Ne1 43. Bb8 Nf3 44. Bxa7 Nxh2 45. Bxb6 Ke5 46. Bb7 Ng4 47. a4 e3 48. fxe3 1-0

[Event "Wch Blitz"]
[Site "Warsaw"]
[Date "2021.12.30"]
[Round "21"]
[White "Heberla, Bartlomiej"]
[Black "Lopusiewicz, Piotr"]
[Result "0-1"]
[WhiteElo "2562"]
[BlackElo "2301"]
[PlyCount "120"]
[EventDate "2021.12.29"]
[EventType "swiss (blitz)"]
[EventRounds "21"]
[EventCountry "POL"]
[SourceTitle "CBM 205 Extra"]
[Source "ChessBase"]
[SourceDate "2022.01.31"]
[SourceVersion "1"]
[SourceVersionDate "2022.01.31"]
[SourceQuality "1"]

1. e4 e5 2. Nf3 Nc6 3. Bb5 a6 4. Ba4 Nf6 5. 0-0 Be7 6. d3 b5 7. Bb3 d6 8. c3 Na5 9. Bc2 c5 10. Nbd2 0-0 11. Re1 Re8 12. Nf1 h6 13. Ng3 Nc6 14. h3 Be6 15. Bb3 Qd7 16. Nh4 d5 17. Nhf5 Bf8 18. Qf3 c4 19. Bc2 Nh7 20. dxc4 bxc4 21. exd5 Bxd5 22. Rd1 e4 23. Qg4 Kh8 24. Nxh6 Qxg4 25. Nxg4 Rad8 26. Ne3 Be6 27. Rxd8 Rxd8 28. Bxe4 Ne5 29. f4 Nd3 30. f5 Bc5 31. Ngf1 Bc8 32. Kh1 Ng5 33. Bd5 Nf2+ 34. Kg1 Nfe4 35. h4 Nf6 36. Bxc4 Nge4 37. Bxf7 Bxf5 38. b4 Ba7 39. c4 Bd4 40. Rb1 Nd6 41. Rb3 Nxf7 42. Kh1 Be6 43. Rd3 Ne4 44. Kh2 Be5+ 45. Kg1 Rxd3 46. c5 Bd4 47. c6 Rc3 48. Bb2 Bxe3+ 49. Kh2 Rc2 50. Ba3 Bf4+ 51. Kg1 Rxc6 52. b5 axb5 53. h5 Rc3 54. Bb4 Rc2 55. a3 Ne5 56. h6 Bxh6 57. Kh2 Bf4+ 58. Kg1 Ng4 59. Be1 Rc1 60. Bh4 Be3+ 0-1

[Event "Wch Blitz"]
[Site "Warsaw"]
[Date "2021.12.30"]
[Round "16"]
[White "Krasenkow, Michal"]
[Black "Lopusiewicz, Piotr"]
[Result "1-0"]
[WhiteElo "2576"]
[BlackElo "2301"]
[PlyCount "100"]
[EventDate "2021.12.29"]
[EventType "swiss (blitz)"]
[EventRounds "21"]
[EventCountry "POL"]
[SourceTitle "CBM 205 Extra"]
[Source "ChessBase"]
[SourceDate "2022.01.31"]
[SourceVersion "1"]
[SourceVersionDate "2022.01.31"]
[SourceQuality "1"]

1. d4 Nf6 2. c4 e6 3. Nf3 d5 4. Nc3 dxc4 5. Qa4+ c6 6. Qxc4 b5 7. Qd3 Nbd7 8. e4 b4 9. Na4 Bb7 10. Be3 c5 11. Nd2 cxd4 12. Bxd4 Qa5 13. b3 Rd8 14. f3 Be7 15. Qb5 Qxb5 16. Bxb5 a6 17. Be2 0-0 18. Rc1 Bd6 19. Nc4 Bf4 20. Be3 Bxe3 21. Nxe3 Ne5 22. Rc7 Rd7 23. Rxd7 Nfxd7 24. Kf2 f5 25. exf5 exf5 26. Rd1 f4 27. Nc4 Rc8 28. Nd6 Rc7 29. Nxb7 Rxb7 30. Bxa6 Rc7 31. Rd2 Nc5 32. Nxc5 Rxc5 33. Bb7 Kf7 34. Be4 h6 35. Rd4 Ra5 36. Bb1 g5 37. Rxb4 Rxa2+ 38. Bxa2 Nd3+ 39. Ke2 Nxb4 40. Bb1 Ke6 41. Kd2 Kd5 42. Kc3 Kc5 43. g3 fxg3 44. hxg3 h5 45. Bf5 h4 46. gxh4 gxh4 47. Be6 Nd5+ 48. Kd2 Nf4 49. Bg4 h3 50. Bxh3 Kd5 1-0

[Event "Wch Blitz"]
[Site "Warsaw"]
[Date "2021.12.29"]
[Round "12"]
[White "Lima, Darcy Gustavo Macha"]
[Black "Lopusiewicz, Piotr"]
[Result "1-0"]
[WhiteElo "2507"]
[BlackElo "2301"]
[PlyCount "87"]
[EventDate "2021.12.29"]
[EventType "swiss (blitz)"]
[EventRounds "21"]
[EventCountry "POL"]
[SourceTitle "CBM 205 Extra"]
[Source "ChessBase"]
[SourceDate "2022.01.31"]
[SourceVersion "1"]
[SourceVersionDate "2022.01.31"]
[SourceQuality "1"]

1. d4 Nf6 2. c4 e6 3. Nf3 d5 4. g3 Bb4+ 5. Bd2 Be7 6. Qc2 0-0 7. Bg2 c6 8. 0-0 Nbd7 9. b3 b6 10. Rd1 Bb7 11. Bc1 Rc8 12. Nc3 c5 13. Bb2 dxc4 14. bxc4 cxd4 15. Rxd4 Bc5 16. Rd2 Qe7 17. Rad1 Rfd8 18. e4 Ng4 19. h3 Nxf2 20. Rxf2 Bxf2+ 21. Qxf2 Nc5 22. Nd4 Qg5 23. Bc1 Qg6 24. Qe1 h6 25. Bf4 f6 26. Be3 Nxe4 27. Nxe6 Rxd1 28. Nxd1 Re8 29. Nf4 Qf7 30. Qb4 Nxg3 31. Nd5 Nf5 32. Bf2 Kh8 33. Qb5 Qe6 34. N1c3 Qe5 35. Qd7 Bc8 36. Qf7 Qe6 37. Qg6 Ne7 38. Qxe8+ Kh7 39. Nxe7 Bd7 40. Qg6+ Kh8 41. Ned5 Qe5 42. Qg3 Qe8 43. Kh2 g5 44. Nxf6 1-0